Countries Name Unscramble #2 - Statistics

General Stats
  • This quiz has been taken 55 times
  • The average score is 13 of 15
Answer Stats
Hint Answer % Correct
canih China
100%
yermang Germany
100%
bashdangle Bangladesh
98%
ocolimab Colombia
98%
yuaruug Uruguay
98%
asiamaly Malaysia
94%
ganieri Nigeria
94%
wednes Sweden
94%
arusis Russia
92%
lovomda Moldova
90%
manarmy Myanmar
90%
uunar Nauru
90%
nvaactiytic Vatican City
78%
asociutrfha South Africa
59%
tatedisentus United States
51%
No matching quizzes found
Score Distribution
Percent of People with Each Score
Percentile by Number Answered
Your Score History
You have not taken this quiz